Catálogo
 En Linea

Mark Twain y su mundo / (Registro nro. 36554)

Detalles MARC
000 -CABECERA
campo de control de longitud fija 00549nam a2200181 a 4500
001 - NÚMERO DE CONTROL
campo de control 000037064
005 - FECHA Y HORA DE LA ÚLTIMA TRANSACCIÓN
campo de control 20200930080122.0
008 - DATOS DE LONGITUD FIJA--INFORMACIÓN GENERAL
campo de control de longitud fija 120209s1986 mx 000 0 spa d
020 ## - NÚMERO INTERNACIONAL ESTÁNDAR DEL LIBRO
Número Internacional Estándar del Libro 9681809548
040 ## - FUENTE DE LA CATALOGACIÓN
Centro catalogador/agencia de origen DO-SdBNP
Lengua de catalogación spa
Centro/agencia transcriptor BNPHU
082 ## - NÚMERO DE LA CLASIFICACIÓN DECIMAL DEWEY
Número de clasificación xxxx
Número de documento/Ítem E81
100 1# - ENTRADA PRINCIPAL--NOMBRE DE PERSONA
Nombre de persona Eston, Jeanette
9 (RLIN) 63474
240 10 - TÍTULO UNIFORME
Título uniforme Ameca´s own Mark Twain
Lenguaje de la obra Español
245 10 - MENCIÓN DE TÍTULO
Título Mark Twain y su mundo /
Mención de responsabilidad, etc. Jeanette Eaton ; Adrés M. Mateo.
260 ## - PUBLICACIÓN, DISTRIBUCIÓN, ETC.
Lugar de publicación, distribución, etc. México :
Nombre del editor, distribuidor, etc. Limusa,
Fecha de publicación, distribución, etc. 1986.
300 ## - DESCRIPCIÓN FÍSICA
Extensión 269 p. :
Otras características físicas ils., retr. ;
Dimensiones 21 cm.
700 1# - PUNTO DE ACCESO ADICIONAL--NOMBRE DE PERSONA
Nombre de persona Mateo, Adrés M.,
Término indicativo de función/relación tr.
9 (RLIN) 63475
Existencias
Estado de retiro Estado de pérdida Restricciones de uso No para préstamo Código de colección Localización permanente Ubicación/localización actual Ubicación en estantería Fecha de adquisición Número de inventario Total de préstamos Signatura topográfica completa Código de barras Fecha visto por última vez Precio válido a partir de Tipo de ítem Koha
      Excluido de préstamo Monografías: Libros y Folletos General General En catalogación 09.02.2012 LF1   xxxx E81 37064-10 25.06.2020 25.06.2020 No se presta

Con tecnología Koha